000 00666nam a22002297a 4500
005 20260515114945.0
008 230818b ||||| |||| 00| 0 eng d
020 _a9789389491784
040 _aIN-DiNC
_cIN-DiNC
041 _deng
082 _a658
_bBOR
100 _aBorah, Kukil
_eauthor
245 _aBusiness organisation and management/
_cby Kukil Borah, Arabinda Deb Nath and Jecob Konwar
250 _a1st ed.
260 _aGuwahati:
_bAshok publication,
_c2023.
300 _a479p.
650 _aBusiness environment
650 _aIssues in management
700 _aNath, Arabinda Deb
_eauthor
700 _aKonwar, Jecob
_eauthor
942 _2ddc
_cBK
999 _c11556
_d11556